Základy moderní spisovné arabštiny. [Díl 1] /

Hlavní autor: Fleissig, Jiří, 1946-
Další autoři: Bahbouh, Charif, 1941-2020
Jazyk: Arabština
Čeština
Vydáno: Praha : Dar Ibn Rushd, 1992
Témata:
Fyzický popis: 191 s.
Knihy
Uloženo v:
LEADER 01167nam a22003372a 4500
001 000070358
003 CZ BrMZK
005 20250829094542.0
007 ta
008 950407s1992 xr e p 0 cze d
015 |a cnb000065375 
020 |a 80-900767-0-X 
035 |a (OCoLC)36229742 
040 |a BOA001  |b cze 
041 1 |a cze  |a ara 
072 7 |a 811.41  |x Afroasijské (hamitosemitské) jazyky  |2 Konspekt  |9 11 
072 7 |a 37.016  |x Učební osnovy. Vyučovací předměty. Učebnice  |2 Konspekt  |9 22 
080 |a 811.411.21  |2 MRF 
080 |a (075)  |2 MRF 
100 1 |a Fleissig, Jiří,  |d 1946-  |7 jn19981001186 
245 1 0 |a Základy moderní spisovné arabštiny.  |n [Díl 1] /  |c Jiří Fleissig, Charif Bahbouh. 
260 |a Praha :  |b Dar Ibn Rushd,  |c 1992 
300 |a 191 s. 
650 0 7 |a arabština  |7 ph118564  |2 czenas 
650 0 9 |a Arabic language  |2 eczenas 
655 7 |a učebnice  |7 fd133770  |2 czenas 
655 9 |a textbooks  |2 eczenas 
700 1 |a Bahbouh, Charif,  |d 1941-2020  |7 jn19990218002 
910 |a BOA001  |b PK-0123.388,1  |b 1-0975.444,1 
990 |a BK 
996 6 |b 2619953373  |c 1-0975.444,1  |l MZK  |r Sklad / do 1 hodiny  |n 66  |w 000070358  |u 000020  |a 1  |e BOA001  |j MZK50  |s P